000 00799nam a22002297a 4500
003 NUST-PNEC
005 20170116180704.0
008 140916b xxu||||| |||| 00| 0 eng d
020 _a0170184994
020 _a9780170184991
040 _cLIBRARY
082 _a658.3 NAN
100 _9290
_aNankervis, Alan
245 _aHuman resource management : Startegy and practice
_cAlan Nankervis
250 _a7th ed.
260 _aAustralia
_bCengage Learning Australia Pty Limited
_cc 2011
300 _axxiii, 592 p. :
_bill. :
_c26 cm.
500 _aIncludes Index
650 _xMIS
_91608
_aPersonnel management
856 _uhttp://www.amazon.com/Human-Resource-Management-Strategy-Practice/dp/0170184994/ref=sr_1_1?s=books&ie=UTF8&qid=undefined&sr=1-1&keywords=9780170184991
942 _2ddc
_cBK
999 _c60651
_d60651